00837nam a2200217 a 4500001001000000005001700010008004100027020001500068041000800083044000800091050002100099100002400120245011500144260004600259300004100305500011800346504004100464650002600505650006000531700002800591BRCA_374720190320204417.0211009s2004----nyua---###---#000-0#eng-# a1892535149 aeng anyu 4aTR395b.K73 20041 aKraus, Hans P.cJr.10aSun PicturesbCatalogue Thirteen : A Twentieth Anniversary SelectioncHans P. Kraus ; text by Larry J. Schaaf. aNew YorkbHans P. Kraus, Jr., Inc.cc2004 a55 p.bil. (algunas a color)c28 cm. aCatálogo de la exposición realizada en la Galería Hans P. Kraus, Jr., Inc., 12 octubre - 19 noviembre, 2004 aIncluye referencias bibliográficas14aCalotipovCatálogos14aFotografíavCatálogosxHistoriaySiglo XIXzEscocia1 aSchaaf, Larry J.d1947-